<?xml version="1.0" encoding="UTF-8"?>
<collection xmlns="http://www.loc.gov/MARC21/slim">
 <record>
  <leader>03278pamaa2200277   4500</leader>
  <controlfield tag="001">0000050805</controlfield>
  <controlfield tag="005">20130117090000.0</controlfield>
  <controlfield tag="008">121121s2011                             eng  </controlfield>
  <datafield tag="020" ind1="0" ind2="0">
   <subfield code="a">9781437708844 (pbk.) </subfield>
  </datafield>
  <datafield tag="090" ind1="0" ind2="0">
   <subfield code="a">RM700 </subfield>
   <subfield code="b">PHY 2011</subfield>
  </datafield>
  <datafield tag="245" ind1="1" ind2="0">
   <subfield code="a">Physical medicine and rehabilitation  </subfield>
   <subfield code="c">edited by Randall Braddom...[et. all]; </subfield>
   <subfield code="f">associate editors, Leighton Chan ... [et al.].</subfield>
  </datafield>
  <datafield tag="250" ind1="0" ind2="0">
   <subfield code="a">4th ed.</subfield>
  </datafield>
  <datafield tag="260" ind1="0" ind2="0">
   <subfield code="a">Philadelphia, PA: </subfield>
   <subfield code="b">Saunders/Elsevier, </subfield>
   <subfield code="c">2011.</subfield>
  </datafield>
  <datafield tag="300" ind1=" " ind2=" ">
   <subfield code="a">xxiv, 1506 p.: </subfield>
   <subfield code="b">ill. (some col.); </subfield>
   <subfield code="c">29 cm.</subfield>
  </datafield>
  <datafield tag="500" ind1="0" ind2="0">
   <subfield code="a">&quot;Expert consult&quot;--Cover</subfield>
  </datafield>
  <datafield tag="501" ind1="0" ind2="0">
   <subfield code="a">FHLS</subfield>
  </datafield>
  <datafield tag="504" ind1="0" ind2="0">
   <subfield code="a">Includes bibliographical references and index</subfield>
  </datafield>
  <datafield tag="505" ind1="0" ind2="0">
   <subfield code="a">The physiatric history and physical examination -- Examination of the pediatric patient -- Adult neurogenic communication disorders -- Psychological assessment and intervention in rehabilitation -- Gait analysis: technology and clinical applications -- Impairment rating and disability determination -- Neurologic and musculoskeletal imaging studies -- Quality and outcome measures for medical rehabilitation -- Electrodiagnostic medicine I: fundamental principles -- Electrodiagnostic medicine II: clinical evaluation and findings -- Electrodiagnostic medicine III: case studies -- Rehabilitation and prosthetic restoration in upper limb amputation -- Rehabilitation and prosthetic restoration in lower limb amputation -- Upper limb orthotic devices -- Lower limb orthotic devices -- Spinal orthoses -- Wheelchairs and seating systems -- Therapeutic exercise -- Manipulation, traction, and massage -- Physical agent modalities -- Electrical stimulation -- Integrative medicine in rehabilitation -- Computer assistive devices and environmental controls -- Peripheral joint and soft tissue injection techniques -- Spinal injection techniques -- Achieving functional independence -- Rehabilitation of patients with swallowing disorders -- Management of bladder dysfunction -- Neurogenic bowel: dysfunction and rehabilitation -- Spasticity management -- Sexuality dysfunction and disability -- Prevention and management of chronic wounds -- Cardiac rehabilitation -- Pulmonary rehabilitation -- Employment of persons with disabilities -- Rheumatic diseases -- Common neck problems -- Musculoskeletal disorders of the upper limb -- Musculoskeletal disorders of the lower limb -- Low back pain -- Osteoporosis -- Chronic pain -- Muscle pain syndromes -- Sports medicine -- Occupational rehabilitation -- Motor neuron diseases -- Rehabilitation of patients with neuropathies -- Myopathic disorders -- Traumatic brain injury -- Stroke syndromes -- Degenerative movement disorders of the central nervous system -- Multiple sclerosis -- Cerebral palsy -- Myelominingocele and other spinal dysraphisms -- Spinal cord injury -- Lower limb peripheral vascular disease -- Cancer rehabilitation -- Burn rehabilitation -- Geriatric rehabilitation -- Transplantation of organs: rehabilitation to maximize outcomes -- International physical medicine and rehabilitation</subfield>
  </datafield>
  <datafield tag="650" ind1="0" ind2="0">
   <subfield code="a">Rehabilitation </subfield>
  </datafield>
  <datafield tag="650" ind1="0" ind2="0">
   <subfield code="a">Medical rehabilitation </subfield>
  </datafield>
  <datafield tag="650" ind1="0" ind2="0">
   <subfield code="a">Physical therapy </subfield>
  </datafield>
  <datafield tag="650" ind1="0" ind2="0">
   <subfield code="a">Physical Medicine </subfield>
  </datafield>
  <datafield tag="700" ind1="1" ind2="1">
   <subfield code="a">Braddom, </subfield>
   <subfield code="h">Randall L. </subfield>
  </datafield>
  <datafield tag="700" ind1="1" ind2="1">
   <subfield code="a">Chan, </subfield>
   <subfield code="h">Leighton </subfield>
  </datafield>
  <datafield tag="700" ind1="1" ind2="1">
   <subfield code="a">Harrast, </subfield>
   <subfield code="h">Mark A. </subfield>
  </datafield>
  <datafield tag="901" ind1=" " ind2=" ">
   <subfield code="u">www.expertconsult.com/</subfield>
  </datafield>
 </record>
</collection>
